Deutschrapper Namen #1 - Statistiken

Allgemein
  • Dieses Quiz wurde 265 mal gespielt
  • Das Durchschnittsergebnis liegt bei 5 aus 16
Antwortstatistiken
Bürgerlicher Name Künstlername % Korrekt
Nura Habib Omer Nura
75%
Felix Martin Andreas Matthias Blume Kollegah
66%
Kenneth Glöckler Kay One
59%
Nima Yaghobi Nimo
49%
Volkan Yaman Apache207
44%
Thilo Panje T-Low
41%
Renato Simunovic RIN
35%
Katrin Vogelova Katja Krasavice
34%
Cem Anhan Capo
32%
Sebastian Meisinger Money Boy
26%
Fahad Nazarinejad Fard
20%
Friedrich Kautz Prinz Pi
11%
Tom Bartels Tom Hengst
9%
Ghassan Ramlawi Zuna
8%
Ludwig Langer LGoony
6%
Jan Salzmann Karate Andi
4%
Keine übereinstimmenden Quizze gefunden
Verteilung der Resultate
Anzahl Personen mit jedem Resultat
Perzentil nach korrekt beantworteten Fragen
Ihre Resultats-Entwicklung
Sie haben dieses Quiz noch nicht gespielt